• 首页
  • 本馆介绍
  • 公告通知
  • 最新文献
  • 馆藏检索
  • 电子资源
  • 读者导购
  • 参考咨询
  • 我的图书馆
  • 登录
  • 详细信息显示
  • 放入我的书架
  • 预约/预借图书
  • 作者相关作品
  • 分类相关作品
  • 丛书相关作品
  • 出版社相关作品

书目信息

  • 表格格式
  • 工作单格式
  • 卡片格式
题名:
工程制图
    
 
作者: 周明贵 主编
分册:  
出版信息: 西安   西安电子科技大学出版社  2014
页数: 238页
开本: 26cm
丛书名:
单 册:
中图分类: TB23
科图分类:
主题词: 工程制图--高等学校--教材 , 工程制图
电子资源:
ISBN: 978-7-5606-3351-0
000 00935nam0 2200265 450
001 012015000107
005 20151130101822.62
010    @a978-7-5606-3351-0@dCNY38.00
100    @a20140826d2014 em y0chiy50 ea
101 0  @achi
102    @aCN@b610000
105    @aa z 000yy
106    @ar
200 1  @a工程制图@Agong cheng zhi tu@e含习题集@f周明贵主编
205    @a2版
210    @a西安@c西安电子科技大学出版社@d2014
215    @a238页@d26cm@e1习题集(45页;26×37cm)
300    @a高等学校机械设计制造及自动化专业“十二五”规划教材
330    @a本书共11章,内容包括:制图的基本知识与技能、正投影的基本知识、立体的投影、轴测图、组合体、机件的常用表达方法、标准件和常用件、零件图、装配图、计算机绘图基础和电气制图。
606 0  @a工程制图@x高等学校@j教材
606 0  @a工程制图
690    @aTB23@v5
701  0 @a周明贵@Azhou ming gui@f(1954~)@4主编
801  0 @aCN@b碧洲教育@c20151127
905    @a10447@f4@dTB23@e153=2
    
    工程制图:含习题集/周明贵主编.-2版.-西安:西安电子科技大学出版社,2014
    238页;26cm+1习题集(45页;26×37cm)
    高等学校机械设计制造及自动化专业“十二五”规划教材
    
    ISBN 978-7-5606-3351-0:CNY38.00
    本书共11章,内容包括:制图的基本知识与技能、正投影的基本知识、立体的投影、轴测图、组合体、机件的常用表达方法、标准件和常用件、零件图、装配图、计算机绘图基础和电气制图。
●
相关链接 在E读中查询图书 在五车中查询图书 在当当中查询图书 在豆瓣中查询图书


正题名:工程制图     索取号:TB23/153=2         预约/预借

序号 登录号 条形码 馆藏地/架位号 状态 备注
1 0871486   208714863   第二样本阅览室/ [索取号:TB23/153=2] 在馆    
2 0871487   208714872   第三借阅区/ [索取号:TB23/153=2] 在馆    
3 0871488   208714881   第三借阅区/ [索取号:TB23/153=2] 在馆    
4 0871489   208714890   第三借阅区/ [索取号:TB23/153=2] 在馆    
唐山师范学院图书馆 欢迎您!
大连网信软件有限公司© 版权所有